| 000 | 01123nam a2200313 i 4500 | ||
|---|---|---|---|
| 001 | 000002994 | ||
| 003 | DO-SdBNP | ||
| 005 | 20260324095612.0 | ||
| 007 | ta | ||
| 008 | 090706s1988 dr r 000 0 spa d | ||
| 040 |
_aDO-SdBNP _bspa _cBNPHU _erda |
||
| 041 | _aspa | ||
| 082 | 4 |
_a338.97293 _bM585m _222 |
|
| 100 | 1 |
_aMessina, Milton, _eautor _4aut. _99506 |
|
| 245 | 1 | 0 |
_aMemorias del ajuste de una economia en crisis / _cMilton Messina. |
| 250 | _aprimera edición | ||
| 264 |
_aSanto Domingo : _bFondo para el Avance de las Ciencias Sociales, _c1988. |
||
| 300 |
_a181 páginas ; _c24 cm. |
||
| 336 |
_atexto _btxt _2rdacontent |
||
| 337 |
_asin mediación _bn _2rdamedia |
||
| 338 |
_avolumen _bnc _2rdacarrier |
||
| 500 | _aIncluye datos biográficos del autor en la contraportada | ||
| 500 | _aIncluye referencias bibliograficas y notas al pie de las páginas. | ||
| 590 | _aInventariado, 2018/BT | ||
| 650 | 7 |
_aEstabilidad económica _y1982-1986 _949587 _2LIBRUNAM |
|
| 651 | 4 |
_aRepública Dominicana _xPolítica económica _y1982-1986 _99508 |
|
| 910 | _aValidado. Control de calidad. MFF | ||
| 942 |
_2ddc _cLBS1 |
||
| 999 |
_c2826 _d2826 |
||